| 000 | 00528cab a2200217 4500 | ||
|---|---|---|---|
| 001 | ABS60637 | ||
| 008 | 090401t xxu||||| |||| 00| 0 eng d | ||
| 035 | _a(Sirsi) u93543 | ||
| 041 | _aeng | ||
| 100 | _aDoyle, N. | ||
| 245 | _aSolar power comes in from the cold | ||
| 350 | _a0 | ||
| 650 | _aENERGY EFFICIENCY | ||
| 650 | _aENERGY TAXES | ||
| 650 | _aPHOTOVOLTAICS | ||
| 650 | _aRENEWABLE ENERGY | ||
| 650 | _aSOLAR POWER | ||
| 690 | _aENVIRONMENTAL AND LAND CONSULTANCY-ENERGY | ||
| 942 | _n0 | ||
| 948 | _c24/05/1999 | ||
| 999 |
_c59277 _d59277 |
||